| Record ID | marc_loc_2016/BooksAll.2016.part01.utf8:33563484:709 |
| Source | Library of Congress |
| Download Link | /show-records/marc_loc_2016/BooksAll.2016.part01.utf8:33563484:709?format=raw |
LEADER: 00709cam a2200217 a 4500
001 00050568
003 DLC
005 20041202085604.0
008 001003s2001 nyu 000 1 eng
010 $a 00050568
020 $a0151005214
040 $aDLC$cDLC$dDLC
050 00 $aPR6054.R25$bP4 2001
082 00 $a823/.914$221
100 1 $aDrabble, Margaret,$d1939-
245 14 $aThe peppered moth /$cMargaret Drabble.
250 $a1st U.S. ed.
260 $aNew York :$bHarcourt,$cc2001.
300 $a369 p. ;$c24 cm.
856 42 $3Contributor biographical information$uhttp://www.loc.gov/catdir/bios/har051/00050568.html
856 42 $3Publisher description$uhttp://www.loc.gov/catdir/description/har021/00050568.html